Autonómny let dronu vo vnútornom prostredí priemyselného objektu

Na minha lista:
Detalhes bibliográficos
Autor principal: Mihálik, Marcel (Author)
Outros Autores: Rodina, Jozef (Thesis advisor)
Formato: Manuscrito Livro
Idioma:eslovaco
Publicado em: 2018
Assuntos:
Acesso em linha:http://is.stuba.sk/zp/portal_zp.pl?podrobnosti=137598
Tags: Adicionar Tag
Sem tags, seja o primeiro a adicionar uma tag!

MARC

LEADER 00000ntm a22000003a 4500
001 stuzp65328
003 SK-STU
005 20181112130211.7
007 ta
008 150427s2015----xo-----f-mn---000-0-slo-d
040 |a STU  |b slo 
041 0 |a slo 
044 |a xo 
100 1 |a Mihálik, Marcel  |u 031000  |4 aut  |U FEI Fakulta elektrotechniky a informatiky  |T FEI Ústav robotiky a kybernetiky  |X 72883  |U E011  |Y 356  |7 72883 
242 0 1 |a Autonomous Flight of the Drone in Industrial Indoor Space  |y eng 
245 1 0 |a Autonómny let dronu vo vnútornom prostredí priemyselného objektu 
260 |c 2018 
300 |a 52 s.,  |b CD-ROM 
650 4 |a drone  |2 eng 
650 4 |a control  |2 eng 
650 4 |a autonomous  |2 eng 
650 4 |a OpenCV  |2 eng 
650 4 |a Aruco  |2 eng 
650 4 |a dron  |2 slo 
650 4 |a riadenie  |2 slo 
650 4 |a autonómnosť  |2 slo 
650 4 |a OpenCV  |2 slo 
650 4 |a Aruco  |2 slo 
700 1 |a Rodina, Jozef  |u 031000  |k Z1  |4 ths  |U FEI Fakulta elektrotechniky a informatiky  |T FEI Ústav robotiky a kybernetiky  |X 11924  |U E011  |Y 356  |7 A000011924 
856 4 |u http://is.stuba.sk/zp/portal_zp.pl?podrobnosti=137598 
996 |b 284EP12000  |c E*DIPL- 12000  |l EE31  |s P  |a 0  |w stuzp65328_0001